Gimme Five: Literature Quiz Stats

Quiz Updated Mar 18, 2015

Challenge
Share
Tweet
Embed
Score 0/45 Timer 08:00
4 Plays Today
Category Answer % Correct
A novel written by each of these authorsAnimal Farm, Nineteen Eighty-Four...
94.7%
A novel written by each of these authorsTo Kill a Mockingbird
92.7%
Last names of these Dickens charactersTwist
92.6%
A novel written by each of these authorsSense and Sensibility, Pride and Prejudice…
90.9%
Inhabitants of these addressesSherlock Holmes
87.4%
A novel written by each of these authorsThe Catcher in the Rye, Franny and Zooey…
85.6%
Last names of these Dickens charactersCopperfield
83.9%
Missing words in these Mark Twain titlesof Huckleberry Finn
82.5%
Missing words in these Mark Twain titlesof Tom Sawyer
77.9%
Roald Dahl novels starring these charactersCharlie and the Chocolate Factory
75.2%
Inhabitants of these addressesThe Dursley Family
74.9%
Shakespeare plays including these linesHamlet (Polonius)
74.7%
Epic poems featuring these charactersThe Odyssey
74%
Shakespeare plays including these linesJulius Caesar (spoken by Marc Antony)
70.6%
Epic poems featuring these charactersThe Iliad
69.4%
Last names of these Dickens charactersNickleby
68.3%
Playwrights of these playsArthur Miller
64.6%
Missing words in these Mark Twain titlesand the Pauper
61.9%
Roald Dahl novels starring these charactersJames and the Giant Peach
61.3%
Last names of these Dickens charactersMarley
61.3%
Missing words in these Mark Twain titlesin King Arthur's Court
61.3%
Playwrights of these playsOscar Wilde
60.6%
Roald Dahl novels starring these charactersMatilda
57.9%
Category Answer % Correct
Playwrights of these playsTennessee Williams
57.1%
Shakespeare plays including these linesRichard III (Richard III)
50.9%
Inhabitants of these addressesJay Gatsby and Nick Carraway
50.7%
Poets who penned these linesRobert Frost (Stopping by Woods on a Snowy Evening)
49.7%
Roald Dahl novels starring these charactersThe BFG
43.7%
A novel written by each of these authorsAdam Bede…
43.1%
Playwrights of these playsSamuel Beckett
39%
Shakespeare plays including these linesThe Tempest (Miranda)
39%
Poets who penned these linesElizabeth Barrett Browning (Sonnet 43)
36%
Epic poems featuring these charactersThe Aeneid
32.8%
Shakespeare plays including these linesTwelfth Night (Orsino)
31%
Poets who penned these linesEdgar Allan Poe (Annabel Lee)
28.7%
Playwrights of these playsEdward Albee
27%
Inhabitants of these addressesThe Banks Family
25.4%
Epic poems featuring these charactersArgonautica
24.2%
Poets who penned these linesAlfred Lord Tennyson (Ulysses)
17.2%
Roald Dahl novels starring these charactersEsio Trot
16%
Last names of these Dickens charactersDefarge
13.8%
Inhabitants of these addressesThe Lintons; later, Heathcliff
12.2%
Poets who penned these linesJohn Donne (The Sun Rising)
11.2%
Epic poems featuring these charactersThe Metamorphoses
7.1%
Missing words in these Mark Twain titlesToday
2.9%

You're not logged in!

Compare scores with friends on all Sporcle quizzes.
Sign Up with Email
OR
Log In

You Might Also Like...

Show Comments

Extras

Top Quizzes Today


Score Distribution

Your Account Isn't Verified!

In order to create a playlist on Sporcle, you need to verify the email address you used during registration. Go to your Sporcle Settings to finish the process.

Report this User

Report this user for behavior that violates our Community Guidelines.

Details: